| 000 | 00732nam a2200157Ia 4500 | ||
|---|---|---|---|
| 005 | 20250117103533.0 | ||
| 008 | 250117s9999 xx 000 0 und d | ||
| 020 | _a9780230575660 | ||
| 082 | _a352TRA | ||
| 245 | 0 | _aTradition and public administration | |
| 260 |
_aHoundmills _bBasingstoke _c2010 |
||
| 300 | _axiii, 274 p. : ill. ; 23 cm. | ||
| 500 | _aIncludes bibliographical references and index. | ||
| 520 | _a"Contemporary administrative reforms push administrative systems to homogenize. This book documents, however, the persistence of administrative traditions in a number of countries that tend to maintain existing administrative patterns and reduce the impact of pressures for reform". | ||
| 650 | _aPublic administration. | ||
| 999 |
_c1687 _d1687 |
||